书目信息 |
| 题名: |
白衣女人 : 英汉对照= THE WOMAN IN WHITE
|
|
| 作者: | 科林斯(Collins,W.W.)著 ;孙建华 , 徐建中 译 | |
| 分册: | ||
| 出版信息: | 北京 外语教学与研究出版社 1994.02 |
|
| 页数: | 326页 | |
| 开本: | 20cm | |
| 丛书名: | ||
| 单 册: | ||
| 中图分类: | H319.4 | |
| 科图分类: | ||
| 主题词: | 英语 | |
| 电子资源: | ||
| ISBN: | 7-5600-0722-8 | |
| 000 | 00784nam0 2200217 45 | |
| 001 | 1958224343 | |
| 005 | 20190111161151.62 | |
| 010 | @a7-5600-0722-8@dRMB 5.90 | |
| 100 | @a20190111d1994 km y0chiy0120 ea | |
| 101 | 0 | @achi |
| 102 | @aCN@b110000 | |
| 200 | 1 | @a白衣女人 : 英汉对照= THE WOMAN IN WHITE@Abai yi nu ren:ying han dui zhao=THE WOMAN IN WHITE@f(英)科林斯(Collins,W.W.)著 ; 孙建华,徐建中译@F(ying)ke lin si(Collins,W.W.)zhu;sun jian hua,xu jian zhong yi |
| 210 | @a北京@c外语教学与研究出版社@d1994.02 | |
| 215 | @a326页@d20cm | |
| 606 | 0 | @a英语 |
| 690 | @aH319.4@v4 | |
| 701 | 0 | @a科林斯(Collins,W.W.)著@Ake lin si(Collins,W.W.)zhu |
| 702 | 0 | @a孙建华@Asun jian hua@4译 |
| 702 | 0 | @a徐建中@Axu jian zhong@4译 |
| 801 | 0 | @aCN@bPFT@c20190111 |
| 905 | @a10447@dH319.4@eK506 | |
| 白衣女人 : 英汉对照= THE WOMAN IN WHITE/(英)科林斯(Collins,W.W.)著 ; 孙建华,徐建中译.-北京:外语教学与研究出版社,1994.02 |
| 326页;20cm |
| ISBN 7-5600-0722-8:RMB 5.90 |
| ● |
| 相关链接 |
|
|
|
正题名:白衣女人 : 英汉对照= THE WOMAN IN WHITE
索取号:H319.4/K506
 
预约/预借
| 序号 | 登录号 | 条形码 | 馆藏地/架位号 | 状态 | 备注 |
| 1 | 1234784 | 212347842 | 语言库209/209语言库 46排3列5层/ [索取号:H319.4/K506] | 在馆 |